Представление документа в формате RUSMARC

ПолеНазваниеЗначение
  Тип записи a
  Библиографический уровень a
001 Контрольный номер RU/CBS_UL/BASE/dd8a0fff475749668d7e1821856a42b8
005 Дата корректировки 20260318014612.8
100 Данные общей обработки __
a Данные общей обработки 20260318 ||| 0rusy0189 ca
101 Язык документа 0_
a Язык текста rus
102 Страна публикации __
a Страна публикации RU
200 Заглавие и сведения об ответственности 1_
a Заглавие Как закалялся Сталин
e Сведения, относящиеся к заглавию [о противоречивых решениях И.В. Сталина в годы Великой Отечественной войны]
f Первые сведения об ответственности С. Экштут
300 Общие примечания __
a Общие примечания 16+
320 Библиография __
a Библиография Библиогр.: с. 101
461 Уровень набора _0
1 2000
a Родина
463 Уровень физической единицы _0
1 2000
a № 5
v С. 98-101 : фот.
1 2101
d 2021
1 001RU/CBS_UL/BASE/695229592
600 Персоналии _1
a Персоналии (Фамилия) Сталин
b Персоналии (Имя, инициалы) И.В.
600 Персоналии _1
a Персоналии (Фамилия) Тальковский
b Персоналии (Имя, инициалы) А.А.
600 Персоналии _1
a Персоналии (Фамилия) Птухин
b Персоналии (Имя, инициалы) Е.С.
606 Тематические рубрики 0_
a Основная рубрика Сталин (Джугашвили), Иосиф Виссарионович (1879-1953)
610 Ключевые слова 0_
a Ключевые слова Великая Отечественная война, ВОВ, государственные деятели, высшие командные кадры , военачальники, аресты, исторические документы, роль личности в истории, мораль и политика
686 Индексы других классификаций __
2 Код системы rubbk
a Классификационный индекс 63.3(2)6-8
700 Автор _1
a Фамилия Экштут
b Имя (инициалы) С.
801 Источник записи _0
a Страна RU
b Организация МБУК ЦБС г. Ульяновска
c Дата составления 20260318
g Правила каталогизации RCR
801 Источник записи _1
a Страна RU
b Организация МБУК ЦБС г. Ульяновска
c Дата составления 20260318
g Правила каталогизации RCR
901 Тип документа __
t Тип документа b
w Контрольный № источника RU/CBS_UL/BASE/695229592
909 Создатель записи __
a Создатель записи lib1